Statystyki dla Tabela Wszechczasów Ekstraklasay

Kliknij tutaj aby rozwiązać quiz!

Ogólne statystyki

  • Ten quiz został rozwiązany 945 razy
  • Średni wynik to 19 z 29

Statystyki odpowiedzi

ostatnisezonSezonów Ekstraklasie12Odpowiedź% Poprawnych
19482019-82 Sezony woj.Mazowieckie12Legia Warszawa
99%
20022019-58 Sezonów Woj.Wielkopolskie12Lech Poznań
97%
19962019-79 Sezonów Woj.Małopolskie12Wisła Kraków
97%
20082019-40 Sezonów Woj.Dolnośląskie12Śląsk Wrocław
94%
20192019-65 Sezonów Woj.Łódzkie12ŁKS Łódź
93%
2010201435 Sezonów Woj.Łódzkie12Widzew Łódź
93%
20122019-46 Sezonów Woj.ZachPomorskie12Pogoń Szczecin
91%
2007201777 Sezonów Woj.Śląskie12Ruch Chorzów
91%
20172019-61 Sezonów Woj.Śląskie12Górnik Zabrze
90%
20082019-27 Sezonów Woj.Pomorskie12Lechia Gdańsk
87%
20162019-15 Sezonów Woj.Pomorskie12Arka Gdynia
82%
2008201331 Sezonów Woj. Mazowieckie12Polonia Warszawa
81%
20072019-16 Sezonów Woj.Podlaskie12Jagiellonia Białystok
78%
20132019-40 Sezonów Woj.Małopolskie12Cracovia Kraków
77%
20152019-30 Sezonów Woj.Dolnośląskie12Zagłębie Lubin
77%
2000200530 Sezonów Woj.Śląskie12GKS Katowice
75%
1976198122 Sezony Woj Opolskie12Odra Opole
65%
2013201514 Sezonów Woj.Kujawsko-Pom12Zawisza Bydgoszcz
62%
2007201135 Sezonów Woj.Śląskie12Polonia Bytom
60%
1927193913 Sezonów Klub Aktualnie na Ukr12Pogoń Lwów
57%
1988199625 Sezonów Woj.Podkarpackie12Stal Mielec
57%
2018201936 Sezonów Woj.Śląskie12Zagłębie Sosnowiec
54%
2014201512 Sezonów Woj. Łódzkie12GKS Bełchatów
49%
1992199325 Sezonów Woj.Śląskie12Szombierki Bytom
35%
1955195615 Sezonów Woj.Małopolskie12Garbarnia Kraków
31%
1996201014 Sezonów Woj.Śląskie12Odra Wodzisław Śląski
25%
1981198323 Sezony Woj.Mazowieckie12Gwardia Warszawa
20%
1927193913 Sezonów Woj.Mazowieckie12Warszawianka
9%
1993199518 Sezonów Woj.Wielkopolskie12Wara Poznań
1%

Rozkład punktacji

Percentyl według liczby udzielonych odpowiedzi

Procent ludzi z każdym wynikiem

Twoja historia wyników

Nie rozwiązałeś tego quizu